[Event "España ch sub-18 2009"]
[Site "Granada ESP"]
[Date "2009.07.20"]
[Round "2.11"]
[White "Gomez Dominguez, Xavier"]
[Black "Garcia Moreno, Carlos"]
[Result "0-1"]
[WhiteElo "2031"]
[BlackElo "2245"]
[PlyCount "111"]
[EventDate "2009.07.20"]
[EventType "swiss"]
[EventRounds "9"]
[EventCountry "ESP"]
[Source "lmi"]
[SourceDate "2009.07.20"]

1. e4 e5 2. Nf3 Nc6 3. Bc4 Bc5 4. c3 Nf6 5. d3 d6 6. O-O Bb6 7. Bb3 Ne7 8. Nbd2
Ng6 9. Nc4 O-O 10. Re1 Re8 11. Nxb6 axb6 12. d4 Qe7 13. Ng5 Rf8 14. Qd3 Nh5 15.
dxe5 dxe5 16. g3 h6 17. Bd1 Rd8 18. Qc2 hxg5 19. Bxh5 Nf8 20. Be2 Be6 21. a4 f6
22. Be3 Qf7 23. Ra3 Bc4 24. Bxc4 Qxc4 25. f3 Rd3 26. Kf2 b5 27. Rea1 b4 28. Qb3
Qxb3 29. Rxb3 bxc3 30. Rxc3 Rxc3 31. bxc3 b6 32. Ke2 Kf7 33. Kd3 Ke7 34. Kc4
Ne6 35. Kb4 Ra5 36. Rd1 Nd8 37. c4 Nc6+ 38. Kb3 Nd8 39. Kb4 Ne6 40. Rd2 c5+ 41.
Kb3 Ra8 42. Ka3 Nd8 43. Kb3 Nc6 44. Rd1 Ke6 45. Rd2 Rh8 46. Kc3 g6 47. Rb2 Rb8
48. Rd2 Ra8 49. Kb3 Nd4+ 50. Bxd4 exd4 51. Ra2 Ke5 52. Re2 d3 53. Re1 Kd4 54.
e5 d2 55. Rd1 Kd3 56. exf6 0-1

[Event "España ch sub-18 2009"]
[Site "Granada ESP"]
[Date "2009.07.20"]
[Round "2.12"]
[White "Martin Fuentes, Alberto"]
[Black "Ladron De Guevara Pinto, Paolo"]
[Result "0-1"]
[WhiteElo "2244"]
[BlackElo "2020"]
[PlyCount "104"]
[EventDate "2009.07.20"]
[EventType "swiss"]
[EventRounds "9"]
[EventCountry "ESP"]
[Source "lmi"]
[SourceDate "2009.07.20"]

1. e4 e6 2. d3 d5 3. Nd2 Nf6 4. g3 c5 5. Bg2 Be7 6. f4 Nc6 7. Ngf3 O-O 8. O-O
Qc7 9. e5 Nd7 10. Re1 b5 11. Nf1 a5 12. h4 b4 13. h5 c4 14. d4 a4 15. a3 bxa3
16. bxa3 f5 17. exf6 Nxf6 18. h6 gxh6 19. c3 Ne4 20. Qc2 Rf7 21. N3h2 Nf6 22.
Qe2 Bd7 23. Ng4 Nxg4 24. Qxg4+ Rg7 25. Qh5 Rf8 26. Bh3 Rg6 27. Ra2 Bd6 28. Rg2
Ne7 29. Ne3 Kh8 30. Bg4 Ng8 31. Qh3 Ne7 32. Qh4 Qa5 33. Bb2 Nf5 34. Nxf5 exf5
35. Bh5 Rgf6 36. Rge2 Qb5 37. Qh1 Rg8 38. Qh4 Rff8 39. Kf2 Kg7 40. Bc1 Kh8 41.
Bf3 Rg6 42. Qh1 Bc6 43. Re6 Rfg8 44. Bh5 Rxe6 45. Rxe6 Bf8 46. Bf7 Rg7 47. Rf6
Be7 48. Rxf5 Qb1 49. Qh3 Bd7 50. Be6 Bxe6 51. Rf8+ Bxf8 52. Qxe6 Qxc1 0-1

[Event "España ch sub-18 2009"]
[Site "Granada ESP"]
[Date "2009.07.20"]
[Round "2.13"]
[White "Gutierrez Valero, Mario"]
[Black "Moreno Martin, Daniel"]
[Result "1-0"]
[WhiteElo "2024"]
[BlackElo "2231"]
[PlyCount "81"]
[EventDate "2009.07.20"]
[EventType "swiss"]
[EventRounds "9"]
[EventCountry "ESP"]
[Source "lmi"]
[SourceDate "2009.07.20"]

1. d4 d5 2. Nf3 Nf6 3. c4 c6 4. Qb3 dxc4 5. Qxc4 Bf5 6. g3 e6 7. Bg2 Nbd7 8.
O-O Be7 9. Nc3 O-O 10. Re1 Ne4 11. Qb3 Qb6 12. Nh4 Bxh4 13. gxh4 Ndf6 14. f3
Nxc3 15. bxc3 e5 16. e4 Be6 17. Qa4 Nh5 18. Be3 Qc7 19. Rad1 exd4 20. cxd4 Nf4
21. Bf1 Ng6 22. h5 Nf4 23. h6 Rfd8 24. Qb4 Ng6 25. Qd2 a5 26. hxg7 a4 27. Bg5
Ra5 28. f4 Bg4 29. Be2 Bxe2 30. Rxe2 Re8 31. f5 f6 32. Bxf6 Nf4 33. Ree1 Nh3+
34. Kh1 Qf7 35. Qe3 Qh5 36. Rd3 Rxe4 37. Qg3 Rxe1+ 38. Qxe1 Nf4 39. Qxa5 Qe8
40. Re3 Qd7 41. Qd8+ 1-0

[Event "España ch sub-18 2009"]
[Site "Granada ESP"]
[Date "2009.07.20"]
[Round "2.14"]
[White "Sanz Rodero, Mikel"]
[Black "Diaz Herrero, Alvaro"]
[Result "1/2-1/2"]
[WhiteElo "2015"]
[BlackElo "2187"]
[PlyCount "66"]
[EventDate "2009.07.20"]
[EventType "swiss"]
[EventRounds "9"]
[EventCountry "ESP"]
[Source "lmi"]
[SourceDate "2009.07.20"]

1. Nf3 c5 2. c3 Nc6 3. d4 cxd4 4. cxd4 d5 5. Nc3 Nf6 6. Bf4 e6 7. e3 Be7 8. h3
O-O 9. Bd3 a6 10. O-O b5 11. Rc1 Bb7 12. Ne5 Na5 13. b3 Rc8 14. Nb1 Qb6 15. Qd2
Nc6 16. Nxc6 Bxc6 17. a3 a5 18. Qb2 b4 19. a4 Qa7 20. Qe2 Qa8 21. Rc2 Bb7 22.
Rfc1 Rxc2 23. Rxc2 Rc8 24. Rxc8+ Qxc8 25. Qc2 Qxc2 26. Bxc2 Bd8 27. Nd2 Ba6 28.
Bd6 Bb6 29. f3 Nd7 30. Kf2 f6 31. f4 Kf7 32. Bd1 g6 33. Be2 Bxe2 1/2-1/2

[Event "España ch sub-18 2009"]
[Site "Granada ESP"]
[Date "2009.07.20"]
[Round "2.15"]
[White "Remoli Sargues, Lidia"]
[Black "Garcia Molina, Francisco Miguel"]
[Result "1-0"]
[WhiteElo "2002"]
[BlackElo "2164"]
[PlyCount "85"]
[EventDate "2009.07.20"]
[EventType "swiss"]
[EventRounds "9"]
[EventCountry "ESP"]
[Source "lmi"]
[SourceDate "2009.07.20"]

1. d4 e6 2. c4 f5 3. Nc3 Nf6 4. g3 Be7 5. Bg2 O-O 6. Nf3 d6 7. O-O Qe8 8. Qc2
Qh5 9. b3 Nc6 10. e4 Ng4 11. h3 Nh6 12. exf5 exf5 13. Nd5 Bd8 14. Nf4 Qe8 15.
h4 Bf6 16. Bb2 Bd7 17. Nd5 Qd8 18. Rfe1 a5 19. Qd2 Ng4 20. Nxf6+ Nxf6 21. d5
Nb4 22. a3 Na6 23. Qxa5 Ne4 24. Re3 Nac5 25. Qe1 b5 26. Nd2 bxc4 27. bxc4 Rb8
28. Nxe4 fxe4 29. Rb1 Bg4 30. Bxe4 Qd7 31. Bg2 Bf5 32. Re7 Rbe8 33. Rxd7 Rxe1+
34. Rxe1 Nxd7 35. Re7 Rf7 36. Rxf7 Kxf7 37. Bd4 Bd3 38. Bh3 Nf6 39. Bxf6 Kxf6
40. Bf1 Be4 41. f4 c6 42. Bg2 cxd5 43. Bxe4 1-0

[Event "España ch sub-18 2009"]
[Site "Granada ESP"]
[Date "2009.07.20"]
[Round "2.16"]
[White "Gil Quilez, David"]
[Black "Millan Soto, Miguel"]
[Result "1-0"]
[WhiteElo "2163"]
[BlackElo "2014"]
[PlyCount "80"]
[EventDate "2009.07.20"]
[EventType "swiss"]
[EventRounds "9"]
[EventCountry "ESP"]
[Source "lmi"]
[SourceDate "2009.07.20"]

1. e4 e6 2. d4 d5 3. Nc3 Nf6 4. e5 Nfd7 5. f4 c5 6. Nf3 Nc6 7. Be3 a6 8. Qd2 b5
9. dxc5 Bxc5 10. Ne2 O-O 11. Bxc5 Nxc5 12. Ned4 Ne4 13. Qe3 Nxd4 14. Nxd4 Qc7
15. Bd3 Bb7 16. O-O Rfe8 17. Rf3 Kh8 18. Raf1 g6 19. Rh3 Rg8 20. Nf3 Rg7 21. c3
Rc8 22. Bxe4 dxe4 23. Nd2 Rd8 24. Nb3 Bd5 25. Nd4 Qb7 26. a3 a5 27. Qc1 Bc4 28.
Re1 b4 29. axb4 axb4 30. Ne2 bxc3 31. Rxc3 Qb6+ 32. Qe3 Qxe3+ 33. Rxe3 Bd5 34.
Nc3 Rb8 35. Rd1 Bc6 36. Rd6 Ba8 37. Nxe4 Bxe4 38. Rxe4 Rxb2 39. Rd7 Rb8 40. Rc4
Rf8 1-0

[Event "España ch sub-18 2009"]
[Site "Granada ESP"]
[Date "2009.07.21"]
[Round "3.1"]
[White "Arauz Alonso, Fernando"]
[Black "Salgado Lopez, Ivan"]
[Result "0-1"]
[WhiteElo "2155"]
[BlackElo "2558"]
[PlyCount "62"]
[EventDate "2009.07.20"]
[EventType "swiss"]
[EventRounds "9"]
[EventCountry "ESP"]
[Source "lmi"]
[SourceDate "2009.07.20"]

1. d4 g6 2. Nf3 Bg7 3. c3 d6 4. Bg5 h6 5. Bh4 f5 6. e3 g5 7. Bg3 Nf6 8. Bc4 e6
9. Nbd2 Qe7 10. Qe2 Nc6 11. h3 Bd7 12. O-O-O O-O-O 13. Nb3 Rhe8 14. Nfd2 Qf8
15. f3 f4 16. exf4 Nh5 17. Qf2 Nxf4 18. Bxf4 gxf4 19. Rhe1 Kb8 20. Bb5 a6 21.
Bd3 Qf7 22. Ne4 Ne7 23. Qf1 Bc8 24. Na5 Qh5 25. b4 Nd5 26. Kc2 Bxd4 27. Bxa6
Ne3+ 28. Rxe3 Bxe3 29. Nc5 Bxc5 30. Qb5 Qf5+ 31. Kb2 Bb6 0-1

[Event "España ch sub-18 2009"]
[Site "Granada ESP"]
[Date "2009.07.21"]
[Round "3.2"]
[White "Alonso Rosell, Alvar"]
[Black "Gil Quilez, David"]
[Result "1-0"]
[WhiteElo "2461"]
[BlackElo "2163"]
[PlyCount "59"]
[EventDate "2009.07.20"]
[EventType "swiss"]
[EventRounds "9"]
[EventCountry "ESP"]
[Source "lmi"]
[SourceDate "2009.07.20"]

1. d4 f5 2. Nc3 Nf6 3. Bg5 d5 4. Bxf6 exf6 5. e3 Be6 6. Qf3 Qd7 7. Bb5 Nc6 8.
Nge2 g5 9. h3 O-O-O 10. O-O-O h5 11. h4 Bd6 12. g3 Qf7 13. Bxc6 bxc6 14. Na4
Rde8 15. Rd2 f4 16. exf4 Bg4 17. Qd3 Bxe2 18. Rxe2 Rxe2 19. Qxe2 gxf4 20. gxf4
Bxf4+ 21. Kb1 Bd6 22. Rh3 Kd7 23. a3 Qe6 24. Re3 Qg4 25. Qd3 Qg1+ 26. Ka2 Qxf2
27. Rf3 Qxh4 28. Qf5+ Kd8 29. Rb3 Rf8 30. Qe6 1-0

[Event "España ch sub-18 2009"]
[Site "Granada ESP"]
[Date "2009.07.21"]
[Round "3.3"]
[White "Rioboo De Larriva, Alvaro"]
[Black "Recuero Guerra, David"]
[Result "0-1"]
[WhiteElo "2150"]
[BlackElo "2460"]
[PlyCount "75"]
[EventDate "2009.07.20"]
[EventType "swiss"]
[EventRounds "9"]
[EventCountry "ESP"]
[Source "lmi"]
[SourceDate "2009.07.20"]

1. e4 c5 2. Nc3 e6 3. f4 a6 4. g3 b5 5. Bg2 Bb7 6. Qe2 Nc6 7. Nf3 Nge7 8. d3
Nd4 9. Qf2 Nxf3+ 10. Bxf3 d6 11. Be3 Nc6 12. O-O Qc7 13. Rae1 Be7 14. Ne2 O-O
15. c3 Rac8 16. Rc1 Qd7 17. b3 f5 18. exf5 exf5 19. d4 Nd8 20. Rfd1 Bxf3 21.
Qxf3 c4 22. d5 cxb3 23. axb3 a5 24. c4 bxc4 25. bxc4 Bf6 26. Bd4 Bxd4+ 27. Nxd4
Re8 28. Qc3 Nb7 29. Re1 a4 30. Qb4 Nc5 31. Qb5 Rxe1+ 32. Rxe1 g6 33. Qxd7 Nxd7
34. Re7 Nb6 35. Ra7 Rxc4 36. Ne6 Nxd5 37. Rg7+ Kh8 38. Rd7 0-1

[Event "España ch sub-18 2009"]
[Site "Granada ESP"]
[Date "2009.07.21"]
[Round "3.4"]
[White "Arribas Lopez, Angel"]
[Black "Hernandez Leon, Sergio"]
[Result "1-0"]
[WhiteElo "2429"]
[BlackElo "2143"]
[PlyCount "53"]
[EventDate "2009.07.20"]
[EventType "swiss"]
[EventRounds "9"]
[EventCountry "ESP"]
[Source "lmi"]
[SourceDate "2009.07.20"]

1. e4 c5 2. Nf3 d6 3. d4 cxd4 4. Nxd4 e5 5. Nb3 Nf6 6. Nc3 Be7 7. Be2 O-O 8.
O-O a6 9. Re1 Be6 10. Bf3 Qc7 11. a4 b6 12. g3 Nc6 13. Nd5 Bxd5 14. exd5 Nd8
15. Bg2 Rc8 16. Bh3 Qxc2 17. Bxc8 Qxc8 18. Bg5 Qb8 19. Bxf6 Bxf6 20. Qd3 Qb7
21. Red1 Re8 22. Nd2 Be7 23. Rac1 Bf8 24. Rc2 Re7 25. Ne4 Rd7 26. Rdc1 Be7 27.
g4 1-0

[Event "España ch sub-18 2009"]
[Site "Granada ESP"]
[Date "2009.07.21"]
[Round "3.5"]
[White "Espinosa Aranda, Angel"]
[Black "Guadamuro Torrente, Anabel"]
[Result "1-0"]
[WhiteElo "2350"]
[BlackElo "2136"]
[PlyCount "101"]
[EventDate "2009.07.20"]
[EventType "swiss"]
[EventRounds "9"]
[EventCountry "ESP"]
[Source "lmi"]
[SourceDate "2009.07.20"]

1. e4 e5 2. Nf3 Nc6 3. Bb5 Nf6 4. O-O Nxe4 5. d4 Nd6 6. Bxc6 dxc6 7. dxe5 Nf5
8. Qxd8+ Kxd8 9. Nc3 h6 10. b3 Ne7 11. Bb2 Ng6 12. Rad1+ Ke8 13. h3 a5 14. Rfe1
Nf4 15. Nd4 Ne6 16. Nf5 h5 17. a3 h4 18. Ne4 b6 19. Ne3 Bb7 20. Ng4 Be7 21. Bc1
a4 22. f4 Rh5 23. Rf1 Rf5 24. Ng5 Nxg5 25. fxg5 Rxf1+ 26. Rxf1 axb3 27. cxb3
Bxa3 28. Bxa3 Rxa3 29. e6 fxe6 30. g6 c5 31. Rf7 Be4 32. Rxg7 Bxg6 33. Rxg6 Ke7
34. Rg7+ Kd6 35. Nf6 Rxb3 36. Ne8+ Ke5 37. Rg5+ Ke4 38. Nxc7 c4 39. Rg4+ Kd3
40. Nxe6 c3 41. Nf4+ Kd2 42. Kf2 Rb5 43. Rg6 c2 44. Rd6+ Kc3 45. Ne2+ Kb2 46.
Rc6 Rb4 47. Ke1 b5 48. Rc5 Kb1 49. Kd2 Rb2 50. Nc3+ Ka1 51. Rc8 1-0

[Event "España ch sub-18 2009"]
[Site "Granada ESP"]
[Date "2009.07.21"]
[Round "3.6"]
[White "Marcos Pinto, Luis"]
[Black "Pardo Simon, David"]
[Result "0-1"]
[WhiteElo "2130"]
[BlackElo "2321"]
[PlyCount "68"]
[EventDate "2009.07.20"]
[EventType "swiss"]
[EventRounds "9"]
[EventCountry "ESP"]
[Source "lmi"]
[SourceDate "2009.07.20"]

1. e4 c5 2. c3 Nf6 3. e5 Nd5 4. d4 d6 5. Nf3 Nc6 6. exd6 Qxd6 7. c4 Nb6 8. d5
Ne5 9. Bf4 Nd3+ 10. Qxd3 Qxf4 11. Nc3 Bf5 12. Qe3 Qxe3+ 13. fxe3 a6 14. O-O-O
g6 15. e4 Bc8 16. Bd3 Bg7 17. Kc2 Nd7 18. Na4 Rb8 19. Rhe1 b6 20. e5 e6 21. Nc3
O-O 22. Rd2 Re8 23. Rde2 Bb7 24. b3 Ba8 25. dxe6 Rxe6 26. Be4 Bxe4+ 27. Rxe4
Rbe8 28. Nd5 Nxe5 29. Ng5 Rd6 30. Nf3 f6 31. Nxf6+ Rxf6 32. Rxe5 Rxe5 33. Nxe5
Rf2+ 34. Kd3 Rxa2 0-1

[Event "España ch sub-18 2009"]
[Site "Granada ESP"]
[Date "2009.07.21"]
[Round "3.7"]
[White "Moreno Gracia, Daniel"]
[Black "Torres Ventosa, Pedro Eugenio"]
[Result "1/2-1/2"]
[WhiteElo "2313"]
[BlackElo "2135"]
[PlyCount "85"]
[EventDate "2009.07.20"]
[EventType "swiss"]
[EventRounds "9"]
[EventCountry "ESP"]
[Source "lmi"]
[SourceDate "2009.07.20"]

1. c4 c6 2. e4 d5 3. exd5 cxd5 4. d4 Nf6 5. Nc3 e6 6. cxd5 Nxd5 7. Nf3 Nc6 8.
Bd3 Bb4 9. Bd2 h6 10. O-O O-O 11. Re1 Nf6 12. Bf4 Nd5 13. Qd2 Qf6 14. Bg3 Qd8
15. a3 Bxc3 16. bxc3 Qa5 17. Rac1 Qxa3 18. c4 Nf6 19. Bh4 Qb4 20. Qe3 Ng4 21.
Qe2 Qd6 22. c5 Qd7 23. Rcd1 Nf6 24. Bxf6 gxf6 25. Ne5 fxe5 26. Qg4+ Kh8 27. Qh5
f5 28. Qxh6+ Kg8 29. Re3 f4 30. Rh3 Qg7 31. Bh7+ Kf7 32. Bg6+ Kf6 33. dxe5+
Nxe5 34. Qxf4+ Ke7 35. Qg5+ Qf6 36. Rh7+ Nf7 37. Qh5 a5 38. c6 b6 39. Bxf7 Rxf7
40. Rxf7+ Qxf7 41. Qh4+ Qf6 42. Qh7+ Qf7 43. Qh4+ 1/2-1/2

[Event "España ch sub-18 2009"]
[Site "Granada ESP"]
[Date "2009.07.21"]
[Round "3.8"]
[White "Ladron De Guevara Pinto, Paolo"]
[Black "Forcen Esteban, Daniel"]
[Result "0-1"]
[WhiteElo "2020"]
[BlackElo "2308"]
[PlyCount "90"]
[EventDate "2009.07.20"]
[EventType "swiss"]
[EventRounds "9"]
[EventCountry "ESP"]
[Source "lmi"]
[SourceDate "2009.07.20"]

1. e4 c5 2. Nf3 d6 3. d4 Nf6 4. Nc3 cxd4 5. Nxd4 a6 6. Bc4 e6 7. Bb3 Nbd7 8.
O-O Nc5 9. f4 Ncxe4 10. Nxe4 Nxe4 11. Qf3 d5 12. Be3 Bc5 13. Rad1 b5 14. a4 Qb6
15. Kh1 O-O 16. axb5 axb5 17. f5 Bb7 18. c3 e5 19. Nc2 d4 20. cxd4 exd4 21.
Bxd4 Bxd4 22. Nxd4 Nd2 23. Qg4 Nxf1 24. Rxf1 Qf6 25. Nxb5 Ba6 26. Bc4 Bxb5 27.
Bxb5 Qxb2 28. Qe2 Qf6 29. h3 Ra1 30. Rxa1 Qxa1+ 31. Kh2 Qf6 32. Qe4 Rd8 33. Be2
h6 34. Qf4 Rd4 35. Qb8+ Kh7 36. Bg4 Rd6 37. Qb5 Qd4 38. Be2 Qf4+ 39. Kg1 Rd2
40. Bf3 Qe3+ 41. Kh1 Rc2 42. Qb8 Rf2 43. Qb1 Qe5 44. Qc1 Ra2 45. Bd1 Qa1 0-1

[Event "España ch sub-18 2009"]
[Site "Granada ESP"]
[Date "2009.07.21"]
[Round "3.9"]
[White "Herrera Delgado, Alejandro"]
[Black "Gutierrez Valero, Mario"]
[Result "1-0"]
[WhiteElo "2297"]
[BlackElo "2024"]
[PlyCount "100"]
[EventDate "2009.07.20"]
[EventType "swiss"]
[EventRounds "9"]
[EventCountry "ESP"]
[Source "lmi"]
[SourceDate "2009.07.20"]

1. e4 c5 2. Nc3 Nc6 3. Nge2 Nf6 4. d4 cxd4 5. Nxd4 e5 6. Ndb5 d6 7. Bg5 a6 8.
Na3 b5 9. Nd5 Be7 10. Bxf6 Bxf6 11. c4 b4 12. Nc2 O-O 13. Qd3 a5 14. g3 Bg5 15.
h4 Bh6 16. Bh3 Be6 17. Kf1 Rb8 18. Kg2 Qd7 19. Bf5 Ne7 20. Bxe6 fxe6 21. Nxe7+
Qxe7 22. Rad1 Rbd8 23. Qe2 Rf7 24. Rd3 Qa7 25. Ne1 Qc5 26. Nf3 Rdf8 27. b3 a4
28. Rhd1 g6 29. Rh1 Bg7 30. h5 g5 31. Rf1 h6 32. Nh2 Ra8 33. Rfd1 Bf8 34. Ng4
Rfa7 35. Rf3 Bg7 36. Qd3 Rd8 37. Qe2 Rda8 38. Rfd3 Bf8 39. R1d2 Kg7 40. f4 axb3
41. axb3 gxf4 42. gxf4 exf4 43. e5 Qc6+ 44. Kh3 Qe8 45. Nf6 Qf7 46. Qe4 Kh8 47.
Rg2 Be7 48. Qxf4 Bxf6 49. Qxh6+ Qh7 50. Qxf6+ Rg7 1-0

[Event "España ch sub-18 2009"]
[Site "Granada ESP"]
[Date "2009.07.21"]
[Round "3.10"]
[White "Garcia Moreno, Carlos"]
[Black "Remoli Sargues, Lidia"]
[Result "1-0"]
[WhiteElo "2245"]
[BlackElo "2002"]
[PlyCount "91"]
[EventDate "2009.07.20"]
[EventType "swiss"]
[EventRounds "9"]
[EventCountry "ESP"]
[Source "lmi"]
[SourceDate "2009.07.20"]

1. e4 c5 2. Nf3 Nc6 3. d4 cxd4 4. Nxd4 g6 5. Nc3 Bg7 6. Nde2 Nf6 7. g3 O-O 8.
Bg2 d6 9. O-O Rb8 10. a4 Be6 11. Nd5 Bxd5 12. exd5 Ne5 13. Nd4 Qa5 14. Nb3 Qc7
15. Be3 a6 16. Re1 Rfe8 17. a5 Ned7 18. Nd4 Qc4 19. b3 Qc7 20. c4 h5 21. h3 Nh7
22. Ra2 Nc5 23. b4 Nd7 24. Qb3 Nhf6 25. Rc2 Rbc8 26. f4 e5 27. dxe6 fxe6 28.
Bf2 Nf8 29. c5 dxc5 30. Rxc5 Qd7 31. f5 gxf5 32. Nxf5 Rcd8 33. Nxg7 Qxg7 34.
Qe3 Ng6 35. Rg5 Kh7 36. Be4 Nxe4 37. Qxe4 Qh6 38. Be3 e5 39. Rf1 Re6 40. Rf7+
Kg8 41. Rgf5 Rd1+ 42. Kg2 Nh4+ 43. gxh4 Rg6+ 44. Bg5 Rd2+ 45. Kf3 Qh8 46. Rf8+
1-0

[Event "España ch sub-18 2009"]
[Site "Granada ESP"]
[Date "2009.07.21"]
[Round "3.11"]
[White "Jimenez Capilla, Martin R"]
[Black "Cabrera Trujillo, Jorge"]
[Result "0-1"]
[WhiteElo "1984"]
[BlackElo "2410"]
[PlyCount "172"]
[EventDate "2009.07.20"]
[EventType "swiss"]
[EventRounds "9"]
[EventCountry "ESP"]
[Source "lmi"]
[SourceDate "2009.07.20"]

1. e4 c5 2. Nf3 d6 3. d4 cxd4 4. Nxd4 Nf6 5. Nc3 g6 6. Be2 Bg7 7. O-O Nc6 8.
Be3 O-O 9. Nb3 Ne5 10. h3 Be6 11. f4 Nc4 12. Bxc4 Bxc4 13. Re1 b5 14. e5 dxe5
15. fxe5 Nd5 16. Nxd5 Bxd5 17. Bd4 Qc7 18. Nc5 Rfd8 19. c3 Qc6 20. Qg4 b4 21.
Re2 bxc3 22. bxc3 Rab8 23. Rae1 Rb5 24. Ne4 Bxe4 25. Rxe4 e6 26. R1e2 a5 27. h4
Rb1+ 28. Kh2 Rdb8 29. h5 Rf1 30. hxg6 hxg6 31. Rf4 Rbb1 32. Ref2 Rxf2 33. Rxf2
Re1 34. Re2 Rb1 35. Qf3 Qc7 36. Qd3 Rf1 37. Qb5 Rf5 38. g4 Rf1 39. Kg2 Rc1 40.
Rf2 Qe7 41. Qb8+ Bf8 42. Qa8 Qh4 43. Qf3 Qh1+ 44. Kg3 Rg1+ 45. Rg2 Rf1 46. Rf2
Rg1+ 47. Rg2 Rxg2+ 48. Qxg2 Qe1+ 49. Qf2 Qb1 50. Qe2 Be7 51. a4 Qh1 52. Qf3
Bh4+ 53. Kf4 Bg5+ 54. Kg3 Qe1+ 55. Kg2 Qd2+ 56. Kg3 Kg7 57. Qf1 Be7 58. Qb5
Bh4+ 59. Kf3 Qd1+ 60. Ke3 Bg5+ 61. Kf2 Qd2+ 62. Kf1 Qf4+ 63. Ke1 Bh4+ 64. Kd1
Qxg4+ 65. Kc2 Qg2+ 66. Kb3 Bd8 67. c4 Qd2 68. Bc3 Qd1+ 69. Kb2 Bg5 70. Qxa5
Bc1+ 71. Ka2 Qc2+ 72. Ka1 Qe4 73. c5 Bf4 74. Qb6 Qxa4+ 75. Kb2 Be3 76. Qc7 Qb5+
77. Kc2 Qxc5 78. Qd8 Qd5 79. Qf6+ Kg8 80. Qh4 Qg2+ 81. Kd3 Bg5 82. Qe1 Kg7 83.
Bd4 Bf4 84. Qa5 Qf3+ 85. Kc2 Qe4+ 86. Kc3 Qe1+ 0-1

[Event "España ch sub-18 2009"]
[Site "Granada ESP"]
[Date "2009.07.21"]
[Round "3.12"]
[White "Fernandez Garcia, Jose Miguel"]
[Black "Hernandez Munoz, Antonio"]
[Result "1-0"]
[WhiteElo "2261"]
[BlackElo "2146"]
[PlyCount "81"]
[EventDate "2009.07.20"]
[EventType "swiss"]
[EventRounds "9"]
[EventCountry "ESP"]
[Source "lmi"]
[SourceDate "2009.07.20"]

1. e4 c5 2. Nf3 d6 3. d4 cxd4 4. Nxd4 Nf6 5. Nc3 a6 6. Bc4 e6 7. Be3 b5 8. Bb3
Be7 9. f4 b4 10. Na4 Bb7 11. c3 bxc3 12. Nxc3 O-O 13. Qf3 Nbd7 14. O-O Rc8 15.
Qg3 Qa5 16. Rad1 Kh8 17. Bc2 Rfd8 18. Nf3 e5 19. fxe5 Nxe5 20. Nd4 Nc4 21. Nf5
Nh5 22. Qf3 Nxe3 23. Qxe3 Bf8 24. Kh1 Nf6 25. Qg5 Qe5 26. Qh4 Re8 27. Ba4 Red8
28. Bc2 Bc6 29. Nd4 Bd7 30. Bb3 Be6 31. Nf3 Qh5 32. Qxh5 Nxh5 33. Bxe6 fxe6 34.
Ng5 Rd7 35. Nxe6 Be7 36. Nd5 Rb7 37. Rf7 Re8 38. Rdf1 Nf6 39. Ndc7 Rxc7 40.
Nxc7 Rg8 41. Ne8 1-0

[Event "España ch sub-18 2009"]
[Site "Granada ESP"]
[Date "2009.07.21"]
[Round "3.13"]
[White "Diaz Herrero, Alvaro"]
[Black "Garcia Salamero, Gabriel"]
[Result "1/2-1/2"]
[WhiteElo "2187"]
[BlackElo "2034"]
[PlyCount "104"]
[EventDate "2009.07.20"]
[EventType "swiss"]
[EventRounds "9"]
[EventCountry "ESP"]
[Source "lmi"]
[SourceDate "2009.07.20"]

1. e4 e5 2. Nf3 Nf6 3. Nxe5 d6 4. Nf3 Nxe4 5. d4 d5 6. Bd3 Bd6 7. O-O O-O 8. c4
c6 9. Qc2 Na6 10. a3 f5 11. Nc3 Nc7 12. c5 Be7 13. b4 Ne6 14. Ne2 Bf6 15. Bb2
Qc7 16. Nd2 g6 17. Nb3 Qg7 18. b5 Bd7 19. bxc6 bxc6 20. Rab1 a5 21. a4 Rfb8 22.
Rfd1 h5 23. Bxe4 fxe4 24. Bc3 h4 25. h3 e3 26. fxe3 Ng5 27. Nxa5 Bf5 28. Rxb8+
Rxb8 29. Qa2 Qc7 30. Nf4 Ne4 31. Be1 Bg5 32. Nxc6 Qxc6 33. Qxd5+ Qxd5 34. Nxd5
Rd8 35. Nf4 Nxc5 36. a5 Ne6 37. Bf2 Nxf4 38. exf4 Bxf4 39. Bxh4 Rd5 40. Be1 Bc2
41. Ra1 Rxd4 42. Bf2 Ra4 43. Rxa4 Bxa4 44. a6 Kf7 45. a7 Bc6 46. g3 Bc7 47. Kh2
Ke6 48. h4 Kf5 49. Kh3 Ke4 50. g4 Kf3 51. Bc5 Bd8 52. h5 gxh5 1/2-1/2

[Event "España ch sub-18 2009"]
[Site "Granada ESP"]
[Date "2009.07.21"]
[Round "3.14"]
[White "Idiazabal Troyas, Aritz"]
[Black "Zamarbide Inarrea, Daniel"]
[Result "0-1"]
[WhiteElo "1831"]
[BlackElo "2176"]
[PlyCount "86"]
[EventDate "2009.07.20"]
[EventType "swiss"]
[EventRounds "9"]
[EventCountry "ESP"]
[Source "lmi"]
[SourceDate "2009.07.20"]

1. e4 c5 2. d4 cxd4 3. c3 dxc3 4. Nxc3 Nc6 5. Bc4 d6 6. Nf3 Nf6 7. e5 dxe5 8.
Qxd8+ Nxd8 9. Nb5 Rb8 10. Nxe5 e6 11. Nc7+ Ke7 12. b3 Nd7 13. Ng4 Nc6 14. Bf4
h5 15. Nb5 hxg4 16. Bxb8 Ndxb8 17. O-O-O Kf6 18. Nd4 Nxd4 19. Rxd4 e5 20. Rd2
Nc6 21. Kb2 Nd4 22. Rc1 Bb4 23. Rdd1 Bf5 24. a3 Bd6 25. Bd5 b6 26. Bb7 a5 27.
Rc6 Ke7 28. Rxb6 Rb8 29. Rc1 Be4 30. Rxd6 Rxb7 31. Rxd4 exd4 32. Re1 f5 33. f3
gxf3 34. gxf3 Kd6 35. fxe4 Re7 36. Rf1 fxe4 37. Kc2 Ke5 38. Kd2 Rc7 39. Rg1 e3+
40. Ke2 Rc2+ 41. Kd3 Rd2+ 42. Kc4 e2 43. Rxg7 Kf6 0-1

[Event "España ch sub-18 2009"]
[Site "Granada ESP"]
[Date "2009.07.21"]
[Round "3.15"]
[White "Galan Martin, Alejandro"]
[Black "Bendayan Claros, Aaron"]
[Result "1-0"]
[WhiteElo "1961"]
[BlackElo "2151"]
[PlyCount "109"]
[EventDate "2009.07.20"]
[EventType "swiss"]
[EventRounds "9"]
[EventCountry "ESP"]
[Source "lmi"]
[SourceDate "2009.07.20"]

1. e4 c5 2. Nf3 d6 3. d4 cxd4 4. Nxd4 Nf6 5. Nc3 a6 6. h3 e5 7. Nde2 Be7 8. g4
h6 9. Bg2 Nbd7 10. Be3 b5 11. O-O Bb7 12. Ng3 Nb6 13. Nf5 Bf8 14. Bxb6 Qxb6 15.
Qd2 b4 16. Nd5 Nxd5 17. exd5 g6 18. Ne3 Be7 19. a3 bxa3 20. Rxa3 Bg5 21. Rb3
Qc7 22. Qb4 Bc8 23. Nc4 Be7 24. Nb6 Rb8 25. Qa4+ Kf8 26. Nxc8 Rxc8 27. Rc3 Qb7
28. Rxc8+ Qxc8 29. Ra1 Kg7 30. c3 Qb7 31. b4 Rc8 32. Ra3 f5 33. Bf1 Qxd5 34.
Qd7 Rf8 35. Qxe7+ Rf7 36. Qh4 e4 37. c4 Qd2 38. Qg3 Kh7 39. Qc3 Qg5 40. Qe3 Qe7
41. Bg2 Qb7 42. b5 axb5 43. Rb3 Qa6 44. cxb5 Qa1+ 45. Kh2 Qe5+ 46. f4 Qd5 47.
b6 Qb7 48. Ra3 Qc6 49. Ra7 Rb7 50. Rxb7+ Qxb7 51. gxf5 gxf5 52. Qb3 d5 53. Qb5
Qb8 54. Qd7+ Kg6 55. Qc7 1-0

[Event "España ch sub-18 2009"]
[Site "Granada ESP"]
[Date "2009.07.21"]
[Round "3.16"]
[White "Martin Fuentes, Alberto"]
[Black "Sanz Rodero, Mikel"]
[Result "0-1"]
[WhiteElo "2244"]
[BlackElo "2015"]
[PlyCount "109"]
[EventDate "2009.07.20"]
[EventType "swiss"]
[EventRounds "9"]
[EventCountry "ESP"]
[Source "lmi"]
[SourceDate "2009.07.20"]

1. e4 c5 2. Nc3 Nc6 3. g3 g6 4. Bg2 Bg7 5. d3 d6 6. Be3 e6 7. Qd2 Nd4 8. f4 Ne7
9. Nf3 b6 10. O-O O-O 11. Nh4 Bb7 12. Nd1 f5 13. c3 Ndc6 14. Bf2 Qd7 15. Ne3
Rae8 16. exf5 gxf5 17. Rad1 Na5 18. Nf3 Ba6 19. Rfe1 Nac6 20. d4 cxd4 21. cxd4
d5 22. Nc2 Nc8 23. Ne5 Nxe5 24. fxe5 Ne7 25. Nb4 Bb5 26. b3 Nc6 27. Nc2 Rc8 28.
Be3 Na5 29. Qf2 Rc7 30. Bc1 Rfc8 31. Ne3 Nc6 32. g4 f4 33. Qxf4 Nb4 34. Bf1
Bxf1 35. Rxf1 Nxa2 36. Ba3 Nc3 37. Rde1 Nb5 38. Bb2 Rf8 39. Qg3 Rxf1+ 40. Rxf1
Nc3 41. Qg2 Ne4 42. g5 Qd8 43. h4 h6 44. gxh6 Qxh4 45. Ng4 Ng3 46. Nf6+ Bxf6
47. exf6 Kf7 48. h7 Rc2 49. Qxc2 Qh1+ 50. Kf2 Qh2+ 51. Kf3 Qxc2 52. h8=Q Qd3+
53. Kg4 Qg6+ 54. Kf4 Nxf1 55. Qb8 0-1